| 000 | 01111cam a2200325 a 4500 | ||
|---|---|---|---|
| 001 | 499130 | ||
| 003 | ARRUPE | ||
| 005 | 20131009170100.0 | ||
| 008 | 851119m19861989mnu b s001 0 eng | ||
| 010 | _a 85028898 | ||
| 020 |
_a0816613990 (v. 1) : _c$29.50 |
||
| 020 |
_a0816614008 (pbk. : v. 1) : _c$13.95 |
||
| 020 | _a0816616760 (v. 2) | ||
| 020 | _a0816616779 (pbk. ; v. 2) | ||
| 040 |
_aDLC _cDLC _dDLC |
||
| 041 | 1 | _aengfre | |
| 050 | 0 | 0 |
_aPN1995 _b.D39313 1986 |
| 100 | 1 |
_aDeleuze, Gilles, _d1925-1995. _92360 |
|
| 240 | 1 | 0 |
_aCinéma. _lEnglish |
| 245 | 1 | 0 |
_aCinema / _cGilles Deleuze ; translated by Hugh Tomlinson and Barbara Habberjam. |
| 260 |
_aMinneapolis : _bUniversity of Minnesota, _cc1986-c1989. |
||
| 300 |
_a2 v. ; _c23 cm. |
||
| 500 | _aTranslation of: Cinéma. | ||
| 500 | _aVol. 2 translated by Hugh Tomlinson and Robert Galeta. | ||
| 504 | _aIncludes bibliographies and indexes. | ||
| 505 | 0 | _a1. The movement-image -- 2. The time-image. | |
| 650 | 0 |
_aMotion pictures _xPhilosophy. _92361 |
|
| 906 |
_a7 _bcbc _corignew _d1 _eocip _f19 _gy-gencatlg |
||
| 942 |
_2lcc _cMONOGRAPH |
||
| 999 |
_c118305 _d118305 |
||